000 00600cam a22002291 4500
001 sa 68005807
003 DLC
005 20260227112512.0
008 890515m19669999ii c 000 0 maro
010 _asa 68005807
035 _a(OCoLC)19708253
040 _aDLC
_cWaU
_dDLC
043 _aa-ii---
050 0 0 _aPN2885.M3
_bJ6
100 1 _aJoshi, Sumant Yashwant,
_d1899-
245 1 0 _aMarāṭhī nāṭya-sr̥shṭītīla muśāpharī.
260 _c[1966-
300 _av.
_bports.
_c19 cm.
500 _aIn Marathi.
650 0 _aTheater
_zIndia
_zMaharashtra.
650 0 _aMarathi drama.
999 _c80973
_d80973